Over/Under: Literature Quiz Stats

 Plays Quiz Updated Jun 26, 2013

Challenge
Share
Tweet
Embed
Score 0/24 Timer 03:00
0 Plays Today
Question and Number Actual is Over or Under % Correct
Books in C.S. Lewis' Narnia series: 12???
85.1%
Length, in days, of Fogg's circumnavigation: 40???
82%
Temp. (F), per Bradbury, where paper burns: 801???
81%
Age, in years, of Juliet: 16???
78.7%
Sisters of Peter Rabbit: 2???
77.9%
Harry Potter DADA teachers: 9???
77.6%
Year in which 'Big Brother is Watching You': 2001???
75.8%
Yossarian's circular Catch: 42???
75.7%
Leagues Nemo is Under the Sea: 3,000???
74.7%
Answer to the Ultimate Question of life, etc.: 58???
74%
Age of Holden Caulfield when narrating: 25???
73.5%
Unique words in 'Green Eggs and Ham': 176???
73.3%
Question and Number Actual is Over or Under % Correct
Habits of Highly Effective People: 10???
66.8%
Pevensie children: 6???
64.4%
Year of Shakespeare's death: 1564???
63.6%
Agatha Christie Hercule Poirot novels: 51???
63%
Dewey Decimal call # for Literature: 400???
60.9%
American winners of Nobel for Literature: 8???
58.2%
Baker Str. address of Sherlock Holmes: 123A???
53.5%
Days covered by Anne Frank's diary: 455???
50.6%
Crichton books turned into movies: 7???
50.1%
Years Crusoe spent on the island: 21???
50%
Dwarves of 'The Hobbit': 11???
48.7%
Books in Homer's Odyssey: 14???
44.5%

You're not logged in!

Compare scores with friends on all Sporcle quizzes.
OR
Log In

You Might Also Like...

Show Comments

Extras

Top Quizzes Today


Score Distribution

Your Account Isn't Verified!

In order to create a playlist on Sporcle, you need to verify the email address you used during registration. Go to your Sporcle Settings to finish the process.

Report this User

Report this user for behavior that violates our Community Guidelines.

Details: